000 00283nam a22001097a 4500
082 _a515.07 SMI'M
100 _aSMITHSON, J.L
_978567
245 _aMATHEMATICS FOR ELECTRICAL AND TELECOMMUNICATIONS TECHNIQUES
260 _aNEWYORK
_bMCGRAW HILL
_c1969
300 _a212P
942 _cBK
999 _c583675
_d583675